000 00426cam a2200169ua 4500
020 _cRs 2.25
041 _amal
_h
082 _a894.812308
_bRAJ/KA
100 _aRajaraja Varma, P K .
245 _aKashantisambar /
_cP K Rajaraja Varma.
_hTextual Documents
260 _aKottayam :
_bNational Book Stall ,
_c1964.
300 _a170 ; .
365 _aRs 2.25
504 _a
942 _cBK
999 _c4229
_d4229